Βασικά οικονομικά

Αποθηκεύτηκε σε:
Λεπτομέρειες βιβλιογραφικής εγγραφής
Κύριος συγγραφέας: Πειρουνάκης, Νικόλαος Γ.
Μορφή: Βιβλίο
Γλώσσα:Greek
Δημοσίευση: Θεσσαλονίκη : Anubis, 1995
Θέματα:
Ετικέτες: Προσθήκη ετικέτας
Δεν υπάρχουν, Καταχωρήστε ετικέτα πρώτοι!

MARC

LEADER 00000nam a2200000 i 4500
001 1/19590
008 971210s1995 gre d
020 |a 960-306-131-X 
035 |a ΠΑΡ-1997  |b 04/04  |c ΣΠΙΝΑΚΗΣ  |l 10021328 
040 |a GR-MY-UA  |b gre  |e aacr 
041 0 |a gre 
082 0 |a 330 
100 1 |a Πειρουνάκης, Νικόλαος Γ. 
245 1 0 |a Βασικά οικονομικά /  |c Πειρουνάκης Ν. 
260 |a Θεσσαλονίκη :   |b Anubis,   |c 1995 
504 |a Περιέχει βιβλιογραφία και ευρετήριο 
650 0 0 |a Economics. 
852 |a INST  |b CHIOS  |e 19971210  |h 330 ΠΕΙ  |p 005200010232  |q 005200010232  |t BK  |y 0 
909 |a Χ  |b 052023 
922 |a 2ΕΛΗ  |b 199711  |c ΣΠΙΝΑΚΗΣ  |d EMVASIS